000 00319nam a22001337a 4500
008 170620b xxu||||| |||| 00| 0 eng d
020 _a9789951550161
041 _aALB
080 _a616.12
100 _a7
101 _aSHM
245 _aREANIMACIONI KARDIOPLMUNAL AED- ARRESTI KARDIAK
_cLENJANI, B
942 _2udc
_cBK
999 _c18268
_d18268